Les plus gros transferts du football - Défenseurs centraux - 2011-2012 - Statistiques

Statistiques générales
  • Ce quiz a été pris 23 fois
  • Le résultat moyen est 4 sur 11
Statistiques - réponses
Montant de transfert (M €) Nationalité Venant de Allant à Joueur % Correct
13,50 Allemagne Manchester City Bayern Munich Jérôme Boateng
87%
9,00 France FC Lens Real Madrid Raphaël Varane
87%
19,30 Angleterre Blackburn Manchester United Phil Jones
65%
11,30 Allemagne Werder Bremen Arsenal Per Mertesacker
61%
9,00 Belgique Standard Liège Benfica Axel Witsel
35%
9,00 Colombie Udinese Villarreal CF Cristián Zapata
26%
13,00 République du Congo Blackburn Anzhi Christopher Samba
17%
12,00 Serbie Partizan Manchester City Stefan Savic
17%
12,00 Brésil Santos FC Porto Danilo
13%
11,00 Uruguay Nacional Liverpool Sebastián Coates
13%
9,00 Uruguay FC Bologna Napoli Miguel Britos
9%
Aucun quiz correspondant
Distribution des résultats
% des personnes avec chaque résultat
Percentile par nombre de réponses
Votre historique - résultats
Vous n’avez pas pris ce quiz